1860 1094 1881 1877 1895 1650 1947 1707 1676 1448 1509 1146 1762 1698 1704 1642 1069 1805 1350 1048 1483 1073 1203 1616 1598 1209 1446 1281 1752 1990 1055 1018 1367 1075 1505 1963 1823 1418 1816 1906 1097 1520 1470 1751 1782 1677 1371 1963 1519 1456 1162 1012 1454 1009 1464 1682 1029 1105 1003 1721 1596 1622 1094 1705 1622 1638 1579 1769 1080 1301 1694 1106 1185 1222 1068 1974 1342 1630 1179 1049 1495 1586 1338 1106 1133 1964 1390 1550 1282 1764 1716 1013 1333 1494 1979 1315 1230 1547 1256 BCNSPRNW ULIB Ver.6.0+V

เปลี่ยนเป็นภาษาไทย

Change to English
 แสดงรายละเอียดบรรณานุกรม
  กลับหน้าหลัก

Brief Record : Get Marc (ISO 2709) : E-mail record : QR code < ปิดหน้าต่าง
LEADER : 00000nam 2200000uu 4500
001    13399129140
003     ULIB
008    250718s2017||||th 000 0 tha d
020    ^a9781316646731
050  4 ^aPE1112^bM978B
100 1  ^aMurphy, Raymond.
245 1  ^aBasic grammar in use :^bself-study reference and practice for students of American English.^pWith answers and ebook /^cRaymond Murphy, with William R. Smalzer and Joseph Chapple.
246 3  ^aBasic grammar in use.
250    ^a4th ed.
260    ^aCambridge :^bCambridge University Press,^c2017.
300    ^ax, 306 p. :^bcol. ill. ;^c27 cm.
650  0 ^aEnglish language^vTextbooks for foreign speakers.
650  0 ^aEnglish language^vProblems, exercises, etc.
650  0 ^aEnglish language^xGrammar.
700 1  ^aChapple, Joseph.
700 1  ^aSmalzer, William r.
945    ^p962^l0^i011896
999    ^aประนอม เกษจรัล
รายการนี้ยังไม่มีแท็ก
คุณยังไม่ได้ล็อกอิน คุณสามารถมีกิจกรรมร่วมกับเว็บไซต์ได้ แต่ต้องล็อกอินก่อน ::
  ล็อกอิน

รายการสื่อสารสนเทศ

ลำดับที่ ประเภท เลขเรียก/บาร์โค้ด สถานที่ สถานะ
1. การศึกษาทั่วไป
หนังสือสำรอง
สถานะ=หนังสือสำรอง
PE1112 M978B ฉ.1 
  Barcode: 011896
ห้องสมุดวิทยาเขตสวรรค์ประชารักษ์
►หนังสือทั่วไป
บนชั้น

รายการใกล้เคียง
    ผู้แต่ง [Murphy, Raymond.]

BibComment


ยังไม่เคยถูกคอมเมนท์

คอมเมนท์ทรัพยากรรายการนี้
  คอมเมนท์: Basic grammar in..


 Copyright 2026. Bcnsprnw @Library